[Event "Asia-ch U20 Girls"]
[Site "Ulaanbaatar"]
[Date "2018.08.25"]
[Round "9"]
[White "Ulziikhishigjargal, Ochirkhuyag"]
[Black "Oyudari, Batkhuu"]
[Result "1-0"]
[WhiteElo "1858"]
[BlackElo "1010"]
[PlyCount "89"]
[EventDate "2018.08.19"]
[EventType "swiss"]
[EventRounds "9"]
[EventCountry "MGL"]
[SourceTitle "CBM 186 Extra"]
[Source "ChessBase"]
[SourceDate "2018.08.24"]
[SourceVersion "1"]
[SourceVersionDate "2018.08.24"]
[SourceQuality "1"]

1. e4 c5 2. Nf3 d6 3. d4 cxd4 4. Nxd4 Nf6 5. f3 a6 6. c4 e6 7. Nc3 Be7 8. Be3 0-0 9. Qd2 Nc6 10. Be2 Qc7 11. 0-0 Nxd4 12. Bxd4 e5 13. Be3 Be6 14. Rfc1 Qd7 15. a4 a5 16. b3 Qc6 17. Nd5 Bxd5 18. cxd5 Qd7 19. Bb6 Bd8 20. Qe3 Nh5 21. Bb5 Qe7 22. Rc2 Nf4 23. Rac1 g6 24. Kh1 Kg7 25. g3 Nh5 26. Bxd8 Qxd8 27. Rc7 Qb8 28. Qb6 Ra7 29. Qxd6 Kg8 30. Qxe5 b6 31. Qe7 Rxc7 32. Rxc7 Qd8 33. Qxd8 Rxd8 34. Rb7 Rc8 35. Bc4 Nf6 36. Rxb6 Nd7 37. Rc6 Rb8 38. f4 g5 39. Kg2 gxf4 40. gxf4 Nb6 41. Kf3 Nxc4 42. bxc4 Rb3+ 43. Kg4 Rb4 44. d6 Kf8 45. Rc8+ 1-0

[Event "Asia-ch U20 Girls"]
[Site "Ulaanbaatar"]
[Date "2018.08.24"]
[Round "8"]
[White "Oyudari, Batkhuu"]
[Black "Mandukhai, Myagmarsuren"]
[Result "0-1"]
[WhiteElo "1010"]
[BlackElo "1717"]
[PlyCount "84"]
[EventDate "2018.08.19"]
[EventType "swiss"]
[EventRounds "9"]
[EventCountry "MGL"]
[SourceTitle "CBM 186 Extra"]
[Source "ChessBase"]
[SourceDate "2018.08.24"]
[SourceVersion "1"]
[SourceVersionDate "2018.08.24"]
[SourceQuality "1"]

1. e4 e5 2. Nf3 Nc6 3. Bb5 a6 4. Ba4 Nf6 5. 0-0 Be7 6. Re1 b5 7. Bb3 d6 8. c3 0-0 9. h3 Nb8 10. d4 Nbd7 11. Nbd2 Bb7 12. Bc2 Re8 13. Nf1 Bf8 14. Ng3 g6 15. Nh2 Bg7 16. Bg5 h6 17. Bd2 exd4 18. cxd4 c5 19. d5 Ne5 20. Nf3 Nc4 21. Bc3 b4 22. Bxf6 Qxf6 23. Qe2 Bxd5 24. Qd3 Be6 25. b3 Na3 26. Qe2 Nxc2 27. Qxc2 Bxh3 28. e5 dxe5 29. Qxc5 e4 30. Nxe4 Rxe4 31. Rxe4 Qxa1+ 32. Re1 Qf6 33. Qxb4 Bf5 34. Qb7 Rd8 35. Rc1 Re8 36. Qb4 g5 37. Qa4 Rd8 38. Rc6 Qa1+ 39. Kh2 Be5+ 40. Nxe5 Qxe5+ 41. f4 gxf4 42. Qxa6 f3+ 0-1

[Event "Asia-ch U20 Girls"]
[Site "Ulaanbaatar"]
[Date "2018.08.23"]
[Round "6"]
[White "Margadgua, Erdenebayar"]
[Black "Oyudari, Batkhuu"]
[Result "1-0"]
[WhiteElo "1619"]
[BlackElo "1010"]
[PlyCount "103"]
[EventDate "2018.08.19"]
[EventType "swiss"]
[EventRounds "9"]
[EventCountry "MGL"]
[SourceTitle "CBM 186 Extra"]
[Source "ChessBase"]
[SourceDate "2018.08.24"]
[SourceVersion "1"]
[SourceVersionDate "2018.08.24"]
[SourceQuality "1"]

1. e4 c5 2. Nf3 d6 3. d4 cxd4 4. Nxd4 Nf6 5. Nc3 a6 6. Be3 e5 7. Nb3 Be6 8. Qd2 Be7 9. 0-0-0 0-0 10. f4 Ng4 11. Kb1 Nxe3 12. Qxe3 exf4 13. Qxf4 Nd7 14. Nd5 Bxd5 15. Rxd5 Nf6 16. Rd1 Qc7 17. Nd4 Rac8 18. Bd3 d5 19. Qxc7 Rxc7 20. exd5 Nxd5 21. Nf5 Nf4 22. Be4 g6 23. Ne3 Bg5 24. Nd5 Nxd5 25. Rxd5 Bf6 26. Rhd1 Re8 27. Bf3 Rec8 28. c3 Bg7 29. Rd8+ Rxd8 30. Rxd8+ Bf8 31. Rb8 b5 32. Ra8 Kg7 33. Rxa6 b4 34. cxb4 Bxb4 35. a3 Bd2 36. b4 Rc1+ 37. Kb2 Rc7 38. b5 Bc3+ 39. Kb3 Be5 40. h3 Rc3+ 41. Kb4 Rd3 42. a4 Rd4+ 43. Kc5 Rd8 44. b6 Bd4+ 45. Kb5 Rc8 46. Bc6 Be5 47. b7 Rb8 48. Ra8 f5 49. a5 Rf8 50. a6 Bc7 51. Rxf8 Kxf8 52. a7 1-0